Foundry work (Record no. 1690)

000 -LEADER
fixed length control field 00374nam a22001577a 4500
008 - FIXED-LENGTH DATA ELEMENTS--GENERAL INFORMATION
fixed length control field 200129b ||||| |||| 00| 0 eng d
082 00 - DEWEY DECIMAL CLASSIFICATION NUMBER
Classification number 671
Item number N374
100 ## - MAIN ENTRY--PERSONAL NAME
9 (RLIN) 1315
Personal name Needam, W. Roland
245 10 - TITLE STATEMENT
Title Foundry work
250 ## - EDITION STATEMENT
Edition statement 1st
260 ## - PUBLICATION, DISTRIBUTION, ETC. (IMPRINT)
Place of publication, distribution, etc London
Name of publisher, distributor, etc Blackie Sons
Date of publication, distribution, etc 1950
300 ## - PHYSICAL DESCRIPTION
Extent v,164p.
365 ## - TRADE PRICE
Unit of pricing 2.08
650 #0 - SUBJECT ADDED ENTRY--TOPICAL TERM
Topical term or geographic name as entry element Founding
942 ## - ADDED ENTRY ELEMENTS (KOHA)
Item type Books
Holdings
Withdrawn status Lost status Source of classification or shelving scheme Damaged status Not for loan Permanent location Current location Date acquired Source of acquisition Full call number Barcode Date last seen Koha item type
          IMU Kolkata IMU Kolkata 1953-01-31 Blackie 671 N374 01424 2020-01-29 Books
          IMU Kolkata IMU Kolkata 1953-01-31 Blackie 671 N374 01425 2020-01-29 Books
          IMU Kolkata IMU Kolkata 1953-01-31 Blackie 671 N374 01426 2020-01-29 Books
          IMU Kolkata IMU Kolkata 1953-01-31 Blackie 671 N374 01427 2020-01-29 Books
Designed and Maintained by IMU-KC Library, Kolkata Campus © Copyright All Rights Reserved

webs counters

Powered by Koha